00593 a2200169 4500020001500000020001800015082001200033090001300045100002200058245012400080260004100204300002100245700002200266942002500288999001700313952009300330 a0471129461 a978047112946204a515.353 c760d7601 aGanzha, Victor G.10aComputer-aided analysis of difference schemes for partial differential equations /cVictor G. Ganzha, E. V. Vorozhtsov. a[S.l.] :bWiley-Interscience,c1996. a458 p. ;c24 cm.1 aVorozhtsov, E. V. aSNScBKk515.353 GAB c29386d29386 00104070aSNSbSNSd2016-05-26l0o515.353 GABpSNS0000926r2016-05-26w2016-05-26yBK